| 000 | 00584nam a2200181Ia 4500 | ||
|---|---|---|---|
| 008 | 151018s9999 xx 000 0 und d | ||
| 082 |
_bRBASDV49290 _a891.431 |
||
| 100 | _aउषा यादव | ||
| 245 | _aवासन्ति मन | ||
| 250 | _b1 | ||
| 260 |
_bइम्प्रेशन्स पब्लिशिंग कंपनी कर्नाटक _c2009 |
||
| 300 | _a80 | ||
| 600 | _aउषा यादव | ||
| 630 | _aवासन्ति मन | ||
| 700 | _aउषा यादव | ||
| 730 | _aवासन्ति मन | ||
| 942 | _cBOOK | ||
| 999 |
_c1048413 _d1048410 |
||